00259nam a22000977a 4500008004100000082001600041100000800057245007400065260001400139300000800153230621b xxu||||| |||| 00| 0 eng d a328.06bIPU cIPU aActivities of the IPU in 2001bAnnual Report of the Secretary General bIPUc2001 a35p